000 01667nam a2200385 a 4500
003 BLK
005 20230526111508.0
008 180412b bul|||||r ||||||| ||bul||
010 _aKNG00002261000
020 _a954-07-0195-3
040 _aBLK
041 _aBUL
_cBUL
080 _aМолекулярна вирусология
_b578.2
_x(075.8)
_z578.2(075.8)
100 1 _aВарадинова, Татяна Луканова
_eпърви автор
_9244160
139 _aВарадинова, Татяна Луканова и др.
_bВ 22
245 1 0 _aМолекулна биология на туморните вируси
_bУчебник за студенти от ВУЗ
_cТатяна Луканова Варадинова; съавт. Алиса Григорьевна Букринская.
257 _aBGR
260 _aСофия
_bУнив. изд. Св. Климент Охридски
_c1993
_fПерник : Полиграф
300 _a195 с.
_bс табл., сх., черт.
_c20 см
380 _a5
500 _a3 000 тир.
650 4 _aМолекулярна вирусология - учебници за ВУЗ
_9244161
650 4 _aВируси - роля в онкологията - учебници за ВУЗ
_9150757
653 _aбиология
653 _aвируси
653 _aтумори
700 1 _aБукринская, Алиса Григорьевна
_eсъавт.
_943799
852 _aЦб 175960
_bЦб
856 4 _qpdf
_u
856 4 _qpdf
_u
942 _cKNG
_n0
_01
944 _aCR
_c15.01.2003
_kГеновева_Генчева
944 _aED
_c18.09.2006
999 _c1430
_d1430
999 _d1430